Alle Fee-Pokemon (Gen 1) - Statistiken

Allgemein
  • Dieses Quiz wurde 173 mal gespielt
  • Das Durchschnittsergebnis liegt bei 4 aus 5
Antwortstatistiken
Hint Antwort % Korrekt
#039 Pummeluff
95%
#035 Piepi
93%
#036 Pixi
93%
#040 Knuddeluff
91%
#122 Pantimos
49%
Keine übereinstimmenden Quizze gefunden
Verteilung der Resultate
Anzahl Personen mit jedem Resultat
Perzentil nach korrekt beantworteten Fragen
Ihre Resultats-Entwicklung
Sie haben dieses Quiz noch nicht gespielt